000 00220 a2200097 4500
001 9678
100 _aDr Iqtida Hussain
245 _aLater Moughats and Urdu Literature
260 _a
_bFerozSons
_c
090 _c7708
_d7708
942 _aNUST-CAE
_cM
_c34387
999 _c244751
_d244751